| 000 | 00724 a2200169 4500 | ||
|---|---|---|---|
| 003 | Nust | ||
| 005 | 20250918132314.0 | ||
| 040 | _cNust | ||
| 082 | _a005.1,MUR | ||
| 100 |
_aMurphy, John S. _9112657 |
||
| 245 |
_aBasics of digital computer programming _cJohn S. Murphy |
||
| 260 |
_aBombay _bD. B. Taraporevala _c1972 |
||
| 300 | _a126 p. | ||
| 505 | _aSECTION-1: Introduction (Page-1), SECTION-2: Analysis of Example Programs (Page-25), SECTION-3: Programmer’s View of a Computer (Page-61), SECTION-4: Some Basic Programming Techniques (Page-90), SECTION-5: Use of Procedure Languages (Page-104), SECTION-6: View of the Programmer’s Work (Page-114), | ||
| 650 |
_aDigital computers _9112611 |
||
| 942 |
_2ddc _cBK |
||
| 999 |
_c176566 _d176566 |
||